|
|
|
|
| LEADER |
00000nam0a2200000 4500 |
| 001 |
307959 |
| 005 |
20231102002039.0 |
| 035 |
|
|
|a (RuTPU)RU\TPU\book\333267
|
| 035 |
|
|
|a RU\TPU\book\315774
|
| 090 |
|
|
|a 307959
|
| 100 |
|
|
|a 20151027d1978 m y0rusy50 ca
|
| 101 |
0 |
|
|a rus
|
| 102 |
|
|
|a RU
|
| 105 |
|
|
|a a j 001zy
|
| 200 |
1 |
|
|a Экономика машиностроительной промышленности СССР
|e учебник для вузов
|f В. С. Бялковская, М. Н. Демченко, В. Б. Косичкина
|
| 210 |
|
|
|a Москва
|c Машиностроение
|d 1978
|
| 215 |
|
|
|a 415 с.
|c ил.
|
| 320 |
|
|
|a Библиогр.: с. 404-405.
|
| 320 |
|
|
|a Предметно-алфавитный указатель: с. 406-410.
|
| 606 |
1 |
|
|a Машиностроение
|x Экономика
|2 stltpush
|3 (RuTPU)RU\TPU\subj\41496
|9 61286
|
| 610 |
1 |
|
|a общественное производство
|
| 610 |
1 |
|
|a размещение
|
| 610 |
1 |
|
|a сырьевая база
|
| 610 |
1 |
|
|a основные фонды
|
| 610 |
1 |
|
|a оборотные средства
|
| 610 |
1 |
|
|a управление
|
| 610 |
1 |
|
|a планирование
|
| 610 |
1 |
|
|a труд
|
| 610 |
1 |
|
|a НОТ
|
| 610 |
1 |
|
|a издержки
|
| 610 |
1 |
|
|a прибыль
|
| 610 |
1 |
|
|a финансы
|
| 610 |
1 |
|
|a хозрасчет
|
| 610 |
1 |
|
|a учебники
|
| 675 |
|
|
|a 621.002:658(075.8)
|v 3
|
| 700 |
|
1 |
|a Бялковская
|b В. С.
|g Вера Сергеевна
|
| 701 |
|
1 |
|a Демченко
|b М. Н.
|g Михаил Никитович
|
| 701 |
|
1 |
|a Косичкина
|b В. Б.
|g Вера Борисовна
|
| 801 |
|
1 |
|a RU
|b 63413507
|c 20150413
|
| 801 |
|
2 |
|a RU
|b 63413507
|c 20220203
|g RCR
|
| 942 |
|
|
|c BK
|